000 00335nam a22001337a 4500
005 20230720135228.0
008 230720b ||||| |||| 00| 0 eng d
040 _cAL
041 _aeng
100 _aChoudhry D Paul
_9127938
245 _aIntroduction to social work
260 _aNew Delhi
_bAtma Ram & Sons
_c2000
942 _cBK
_2ddc
999 _c228022
_d228022